000 00439cam a22001457a 4500
008 180718b2010 xxu||||| |||| 00| 0 eng d
020 _a8131603679
082 _aB1 P192
100 _aPandey, Ajit Kumar
245 _aNew directions in sociological theory: disputes, discourses and orientations
_cby Ajit Kumar Pandey and Smita Verma
260 _aJaipur
_bRawat
_c2010
300 _a277p.
650 _aSociology
700 _aVerma, Smita
999 _c441228
_d441228